| 000 | 01349cam a2200241 4500 | ||
|---|---|---|---|
| 001 | ##L135390 | ||
| 008 | 061023n2006 000 0 eng u | ||
| 035 | _a(Sirsi) u135390 | ||
| 041 | 0 | _aeng | |
| 050 | 0 | 4 | _a526.99 $2 18 |
| 110 | 2 |
_aRoyal Institution of Chartered Surveyors _bGeomatics Faculty _94352 |
|
| 245 | 0 | 0 |
_aDeveloping a vertical reference surface for hydrography _ba useful guide from RICS and FIG Commission 4 (Hydrography) on what a vertical reference surface is and how it can benefit you |
| 260 |
_aLondon _bRICS _c2006 |
||
| 300 |
_a1 _ffolded sheet _c44x21cm. |
||
| 490 | 0 | _aRICS Geomatics Guide | |
| 520 | _aExplains what a vertical reference surface for hydrography is and why one is needed. This guide is the first of a new series of industry-specific client guides designed to explain complex geomatics subject areas, technologies and techniques. It is related to the detailed Federation Internationale des Geometres (FIG) publication "FIG guide on the development of a vertical reference surface for hydrography"(L135387). | ||
| 590 | _aIKA311006 | ||
| 651 | 4 | _aInternational | |
| 690 |
_aHydrography _96245 |
||
| 710 | 2 |
_aFederation Internationale des Geometres _95065 |
|
| 856 | 4 | 0 |
_uhttps://www.rics.org/site/scripts/download_info.aspx?downloadID=2771 _zView the guide free of charge at www.rics.org... |
| 942 | _n0 | ||
| 999 |
_c106037 _d106037 |
||